000 00229nam a2200109Ia 4500
100 _a#N/A
942 _cBK
245 _aCapture your memories in style ; Autocad 2014 Autodesk
260 _b#N/A
546 _aENGLISH
999 _c33640
_d33640